Matematika pre gymnáziá Komplexné čísla

Bibliographic Details
Main Author: Smida, Jozef (matematik) (Author)
Format: Book
Language:Slovak
PhysicalDescription:63 s. 21 cm
Published: Bratislava Slovenské pedagogické nakladateľstvo 2008
ISBN:9788010015191
Edition:4. upr. vyd.
Subjects:

MARC

LEADER 00000nam a2200000 a 4500
001 vtls009319062
003 SK-MaSNL
005 20260301210826.0
008 160610s2008 xo e p 000 0 slo
015 |a SNBA2008/08-03204 
020 |a 9788010015191  |q (brož.) 
035 |a C65B45DC-6868-4E88-842A-67603F484C65 
035 |a urn:nbn:sk:snk-aml0n6 
035 |a urn:nbn:sk:snk-am008nry 
040 |a SNK  |b slo  |c SNK  |e AACR2 
041 0 |a slo 
044 |a xo  |c SK 
072 7 |a 51  |x Matematika  |2 konspekt 
072 7 |a 37.016  |x Učebné osnovy. Vyučovacie predmety. Učebnice  |2 konspekt 
080 |a 51  |2 2001 
080 |a (075.3)  |2 2001 
080 |a 511.11  |2 2001 
100 1 |a Smida, Jozef  |c (matematik)  |4 aut  |9 198409 
245 1 0 |a Matematika pre gymnáziá  |p Komplexné čísla  |c Jozef Smida 
246 3 0 |a Komplexné čísla 
250 |a 4. upr. vyd. 
260 |a Bratislava  |b Slovenské pedagogické nakladateľstvo  |c 2008 
300 |a 63 s.  |c 21 cm 
650 0 7 |a matematika  |2 SNKPH  |9 70174 
650 0 7 |a komplexné čísla  |2 SNKPH  |9 90360 
655 7 |a učebnice stredných škôl  |2 SNKPH  |9 69323 
919 |a 978-80-10-01519-1 
958 |a OND 
968 |d 51 
999 |c 914939  |d 916869 
952 |a SNK  |b SNK  |y PREZ  |7 0  |p 17A0595902  |o snkSC 132636  |i snk2008/15055  |8 0  |0 0  |1 0  |4 0  |d 2008-08-07  |f 1  |l 0  |r 2025-06-24 00:00:00  |w 2026-02-24 
952 |a SNK  |b SNK  |y VYP  |7 0  |p 17A0595903  |o snkSC 132636 D1  |i snk2008/15056  |8 0  |0 0  |1 0  |4 0  |d 2008-08-07  |l 0  |r 2026-02-24 07:56:35  |w 2026-02-24